Central Library OPAC University of Rajshahi

The Nuremberg epilogue / (Record no. 3994)

MARC details
000 -LEADER
fixed length control field 00797cam a2200229 4500
001 - CONTROL NUMBER
control field 3994
003 - CONTROL NUMBER IDENTIFIER
rucl marc code BD-RjUL
005 - DATE AND TIME OF LATEST TRANSACTION
control field 20211208233821.0
008 - FIXED-LENGTH DATA ELEMENTS--GENERAL INFORMATION
fixed length control field 131221s1971 ru ac 000 0 eng
035 ## - SYSTEM CONTROL NUMBER
System control number (BD-RjUL)4028
040 ## - CATALOGING SOURCE
Original cataloging agency DLC
Transcribing agency DLC
Modifying agency DLC
-- BD-RjUL
Language of cataloging eng
041 1# - LANGUAGE CODE
Language code of text/sound track or separate title engrus
082 00 - DEWEY DECIMAL CLASSIFICATION NUMBER
Classification number 341.69
Author mark and year PON 1971
Edition number 23
100 1# - MAIN ENTRY--PERSONAL NAME
Personal name Poltorak, A. I.
Fuller form of name (Arkadiĭ Iosifovich)
9 (RLIN) 12712
245 14 - TITLE STATEMENT
Title The Nuremberg epilogue /
Statement of responsibility, etc. A. Poltorak. [Translated from the Russian by David Skvirsky].
260 ## - PUBLICATION, DISTRIBUTION, ETC. (IMPRINT)
Place of publication, distribution, etc. Moscow :
Name of publisher, distributor, etc. Progress Publishers,
Date of publication, distribution, etc. 1971.
300 ## - PHYSICAL DESCRIPTION
Pagination 476 p. :
Illustrations ill. ;
Size 21 cm.
500 ## - GENERAL NOTE
General note Translation of Ni︠u︡rnbergskiĭ ėpilog.
650 #0 - SUBJECT ADDED ENTRY--TOPICAL TERM
Topical term or geographic name as entry element Nuremberg Trial of Major German War Criminals, Nuremberg, Germany, 1945-1946.
9 (RLIN) 12713
942 ## - ADDED ENTRY ELEMENTS (KOHA)
Source of classification or shelving scheme Dewey Decimal Classification
Koha item type Books
Holdings
Lost status Source of classification or shelving scheme Damaged status Not for loan Collection code Permanent Location Current Location Shelving location Date acquired Source of acquisition Cost, normal purchase price Total Checkouts Full call number Date last seen Copy number Koha item type
  Dewey Decimal Classification   Not For Loan Non-fiction Central Library, University of Rajshahi Central Library, University of Rajshahi Reading Room 03/04/1974 Soviet pustok 7.00   341.69 PON 1971 21/12/2013 C-1 Books
  Dewey Decimal Classification     Non-fiction Central Library, University of Rajshahi Central Library, University of Rajshahi   11/11/1990 shawkat asman     341.69 PON 1971 28/07/2016 C-2 Books